00684pam a2200229 a 45000010008000000030006000080050017000140080041000310100017000720200025000890400018001140500021001320820019001531000026001722450064001982600039002623000037003015000022003385040026003606500035003866500033004212404685GBCCL20241126110626.0860312s1986 nyua b 001 0 eng  a 86006261  a0816015449 :c$29.95 aDLCcDLCdDLC00aAG250b.C63 198600a423.1219bCOR1 aCorbeil, Jean Claude.14aThe Facts on File visual dictionary /cJean-Claude Corbeil. aNew York :bFacts on File,cc1986. a797 p. :bchiefly ill. ;c24 cm. aIncludes indexes. aBibliography: p. 795. 0aPicture dictionaries, English. 0aHandbooks, vade-mecums, etc.